แสดงรายละเอียดบรรณานุกรม
  กลับหน้าหลัก

Brief Record : Get Marc (ISO 2709) : E-mail record : QR code ปิดหน้าต่าง
LEADER 00000nas 2200000uu 4500
001    210353
003     ULIBM
008    150203s||||||||th 000 0 tha d
022 0   ^a0360-4039
041 0   ^aeng
090     ^aSERIALS 2011
245 10  ^aNursing 2011 [Journal]
260     ^aHagerstown,MD : ^bWolters Kluwer/Lippincott Williams & Wilkins,^c2011
310     ^aรายเดือน
650  4  ^aNursing ^xPeriosdicals
850    ^aVol.41 No.1 January 2011;Vol.41 No.2 February 2011;Vol.41 No.3 March 2011 ;Vol.41 No.4 April 2011;Vol.41 No.5 May 2011;Vol.41 No.6 June 2011;Vol.41 No.7 July 2011;Vol.41 No.8 August 2011;Vol.41 No.9 September 2011;Vol.41 No.10 October 2011
999    ^aใช้งานได้ทุกระบบ
รายการนี้ยังไม่มีแท็ก
คุณยังไม่ได้ล็อกอิน คุณสามารถมีกิจกรรมร่วมกับเว็บไซต์ได้ แต่ต้องล็อกอินก่อน ::
  ล็อกอิน
ดูแบบ: กล่อง รายการ
ARRIVED
Vol.41 No.1 January 2011;Vol.41 No.2 February 2011;Vol.41 No.3 March 2011 ;Vol.41 No.4 April 2011;Vol.41 No.5 May 2011;Vol.41 No.6 June 2011;Vol.41 No.7 July 2011;Vol.41 No.8 August 2011;Vol.41 No.9 September 2011;Vol.41 No.10 October 2011
สถานที่: วารสาร
   [แสดง 1/1 รายการ]

BibComment


ยังไม่เคยถูกคอมเมนท์

คอมเมนท์ทรัพยากรรายการนี้
  คอมเมนท์: Nursing 2011 Jo..
Bib 210353

 
 
 

 Union Library Management : ULibM
Copyright 2026. All Rights Reserved.
скачать бесплатно без регистрации порно красивый секс HD Sex Hindi sex

xxx gou

xxxx

bfxxx

xxxwww

Секса Видео

xxxx

Секса Видео

detube

geilexxx

C99 Shell

worms shell

blod xxx video
Ebony Coed Rihanna Rimes Takes A Dick In Her Young Twat priyaa indian fuck anal and pusssy hardcore indian women xxx desi hardcore fucking part 1 bengalixxxcouple